LEADER 01721oam 2200421Ka 450 001 9910695506203321 005 20070308140341.0 035 $a(CKB)5470000002371713 035 $a(OCoLC)55473096 035 $a(EXLCZ)995470000002371713 100 $a20040524d2002 ua 0 101 0 $aeng 181 $ctxt$2rdacontent 182 $cc$2rdamedia 183 $acr$2rdacarrier 200 14$aThe nexus among terrorists, narcotics traffickers, weapons proliferators, and organized crime networks in Western Europe$b[electronic resource] $ea study /$fprepared by the Federal Research Division, Library of Congress ; authors, Glenn E. Curtis, Tara Karacan 210 1$aWashington, D.C. :$cFederal Research Division, Library of Congress,$d[2002] 300 $aTitle from title screen (viewed May 24, 2004). 517 $aNexus among terrorists, narcotics traffickers, weapons proliferators, and organized crime networks in Western Europe 606 $aTerrorists$zEurope, Western 606 $aDrug traffic$zEurope, Western 606 $aIllegal arms transfers$zEurope, Western 606 $aOrganized crime$zEurope, Western 615 0$aTerrorists 615 0$aDrug traffic 615 0$aIllegal arms transfers 615 0$aOrganized crime 700 $aCurtis$b Glenn E$g(Glenn Eldon),$f1946-$01148445 701 $aKaracan$b Tara$01396208 712 02$aLibrary of Congress.$bFederal Research Division. 801 0$bGPO 801 1$bGPO 801 2$bOCLCQ 801 2$bGPO 906 $aBOOK 912 $a9910695506203321 996 $aThe nexus among terrorists, narcotics traffickers, weapons proliferators, and organized crime networks in Western Europe$93455915 997 $aUNINA LEADER 02507nam 2200673Ia 450 001 9910972786003321 005 20200520144314.0 010 $a9786612467219 010 $a9781282467217 010 $a1282467212 010 $a9781551523057 010 $a1551523051 035 $a(CKB)2470000000000991 035 $a(EBL)478869 035 $a(OCoLC)609854434 035 $a(SSID)ssj0000359035 035 $a(PQKBManifestationID)11272726 035 $a(PQKBTitleCode)TC0000359035 035 $a(PQKBWorkID)10383303 035 $a(PQKB)10142574 035 $a(CaPaEBR)408966 035 $a(CaBNvSL)thg00603361 035 $a(Au-PeEL)EBL478869 035 $a(CaPaEBR)ebr10308814 035 $a(VaAlCD)20.500.12592/x439sq 035 $a(schport)gibson_crkn/2009-12-01/4/408966 035 $a(MiAaPQ)EBC478869 035 $a(MiAaPQ)EBC3252704 035 $a(Perlego)3046993 035 $a(EXLCZ)992470000000000991 100 $a20030429d2003 uy 0 101 0 $aeng 135 $aur|n|---||||| 181 $ctxt 182 $cc 183 $acr 200 10$aDreaming in the rain $ehow Vancouver became Hollywood North by Northwest /$fDavid Spaner 205 $a1st ed. 210 $aVancouver $cArsenal Pulp Press$d2003 215 $a1 online resource (237 p.) 300 $aIncludes index. 311 08$a9781551521299 311 08$a1551521296 327 $acontents; Foreword 11; 1 Baby Pictures 15; 2 Last Days 27; 3 The People Versus Larry Kent 35; 4 The Sixties 47; 5 The Decline of West Coast Civilization 63; 6 The Studio System 73; 7 The West Coast Wave 91; 8 The Actors 111; 9 A Tale of Two Film Cities 129; 10 The Sweeney Group 143; 11 The Other Hollywood North 165; 12 Molly and Lynne 175; 13 Clash of the Hollywoods 197; 14 Dreaming in the Rain 217; Index 225 330 $aThe controversial story of how Vancouver became North America's third largest center for film and television production. 606 $aMotion picture industry$zBritish Columbia$zVancouver Metropolitan Area$xHistory 606 $aMotion pictures$zBritish Columbia$zVancouver Metropolitan Area$xHistory 615 0$aMotion picture industry$xHistory. 615 0$aMotion pictures$xHistory. 676 $a384.80971133 676 $a384.80973 700 $aSpaner$b David$01807264 801 0$bMiAaPQ 801 1$bMiAaPQ 801 2$bMiAaPQ 906 $aBOOK 912 $a9910972786003321 996 $aDreaming in the rain$94356886 997 $aUNINA LEADER 05325nam 2200637 a 450 001 9911046224203321 005 20200520144314.0 010 $a1-281-39856-X 010 $a9786611398569 010 $a1-4356-5503-6 010 $a90-474-2549-9 035 $a(CKB)1000000000536138 035 $a(OCoLC)290584558 035 $a(CaPaEBR)ebrary10234914 035 $a(SSID)ssj0000111126 035 $a(PQKBManifestationID)11139217 035 $a(PQKBTitleCode)TC0000111126 035 $a(PQKBWorkID)10074778 035 $a(PQKB)11229408 035 $a(MiAaPQ)EBC3004167 035 $a(Au-PeEL)EBL3004167 035 $a(CaPaEBR)ebr10234914 035 $a(CaONFJC)MIL139856 035 $a(OCoLC)923613745 035 $a(BIP)46632592 035 $a(BIP)13535693 035 $a(EXLCZ)991000000000536138 100 $a20060707d2006 uy 0 101 0 $aeng 135 $aurcn||||||||| 181 $ctxt 182 $cc 183 $acr 200 00$aBeyond the legacy of Genghis Khan /$fedited by Linda Komaroff 210 $aLeiden ;$aBoston $cBrill$d2006 215 $a1 online resource (678 p.) 225 1 $aIslamic history and civilization. Studies and texts,$x0929-2403 ;$vv. 64 300 $a"Originally presented at a 2003 symposium at the Los Angeles County Museum of Art"--P. [4] of cover. 311 08$a90-04-15083-8 320 $aIncludes bibliographical references (p. [439]-502) and index. 327 $aIntro -- CONTENTS -- LIST OF ILLUSTRATIONS -- NOTES ON TRANSLITERATIONS AND DATES -- LIST OF CONTRIBUTORS -- ACKNOWLEDGMENTS -- INTRODUCTION --- LINDA KOMAROFF -- CULTURE AND COMMERCE IN THE MONGOL WORLD EMPIRE -- CULTURAL TRANSMISSION AND EXCHANGE IN THE MONGOL EMPIRE: NOTES FROM THE BIOGRAPHICAL DICTIONARY OF IBN AL-FUWAT? --- DEVIN DEWEESE -- DIPLOMATIC MISSIONS AND GIFTS EXCHANGED BY MAMLUKS AND ILKHANS --- DONALD P. LITTLE -- JOCHID LUXURY METALWORK: ISSUES OF GENESIS AND DEVELOPMENT --- MARK KRAMAROVSKY -- THE MARITIME TRADE OF KISH DURING THE MONGOL PERIOD --- RALPH KAUZ -- ILKHANID RULE AND ITS CONTRIBUTIONS TO IRANIAN POLITICAL CULTURE --- BERT G. FRAGNER -- LIFESTYLES AT THE COURTS OF THE RULING ELITE -- AVRAGA SITE: THE 'GREAT ORD?' OF GENGHIS KHAN --- NORIYUKI SHIRAISHI -- THE ILKHANID PALACE AT TAKHT-I SULAYMAN: EXCAVATION RESULTS --- DIETRICH HUFF -- HÜLEGÜ MOVES WEST: HIGH LIVING AND HEARTBREAK ON THE ROAD TO BAGHDAD --- JOHN MASSON SMITH, JR. -- THE KESHIG IN IRAN: THE SURVIVAL OF THE ROYAL MONGOL HOUSEHOLD --- CHARLES MELVILLE -- THE ARTS OF THE BOOK IN ILKHANID IRAN -- CALLIGRAPHERS, ILLUMINATORS, AND PAINTERS IN THE ILKHANID SCRIPTORIUM --- SHEILA S. BLAIR -- ERUDITION EXALTED: THE DOUBLE FRONTISPIECE TO THE EPISTLES OF THE SINCERE BRETHREN --- ROBERT HILLENBRAND -- IN THE BEGINNING: FRONTISPIECES AND FRONT MATTER IN ILKHANID AND INJUID MANUSCRIPTS --- MARIANNA SHREVE SIMPSON -- PATRONAGE OF THE ARTS OF THE BOOK UNDER THE INJUIDS OF SHIRAZ --- ELAINE WRIGHT -- THOUGHTS ON A SH?HN?MA LEGACY OF THE FOURTEENTH CENTURY: FOUR ?NJ? MANUSCRIPTS AND THE GREAT MONGOL SH?HN?MA --- ELEANOR SIMS -- THE ARTS AND ARTISTIC INTERCHANGE -- PAPER: THE TRANSFORMATIVE MEDIUM IN ILKHANID ART --- JONATHAN M. BLOOM -- CHINESE MOTIFS IN THIRTEENTH-CENTURY ARMENIAN ART: THE MONGOL CONNECTION --- DICKRAN KOUYMJIAN. 327 $aPOTTERY UNDER THE MONGOLS --- OLIVER WATSON -- PERSIAN POETRY ON ILKHANID ART AND ARCHITECTURE --- BERNARD O'KANE -- STATE AND RELIGION IN ILKHANID IRAN -- HOROSCOPES AND PLANETARY THEORY: ILKHANID PATRONAGE OF ASTRONOMERS --- GEORGE SALIBA -- REFLECTIONS ON A 'DOUBLE RAPPROCHEMENT': CONVERSION TO ISLAM AMONG THE MONGOL ELITE DURING THE EARLY ILKHANATE --- JUDITH PFEIFFER -- RELIGIOUS DIVERSITY UNDER ILKHANID RULE C. 1300 AS REFLECTED IN THE FREER BAL'AM? --- TERESA FITZHERBERT -- THE MONGOL LEGACY OF PERSIAN FARM?NS --- ABOLALA SOUDAVAR -- CONCLUDING REMARKS -- THE MONGOL EMPIRE IN WORLD HISTORY --- DAVID MORGAN -- BIBLIOGRAPHY -- COLOR PLATES -- BLACK AND WHITE FIGURES -- INDEX. 330 $aThis publication offers a wide-ranging account of the Mongols in western and eastern Asia in the aftermath of Genghis Khan's disruptive invasions of the early thirteenth century, focusing on the significant cultural, social, religious and political changes that followed in their wake. The issues considered concern art, governance, diplomacy, commerce, court life, and urban culture in the Mongol world empire as originally presented at a 2003 symposium at the Los Angeles County Museum of Art and now distilled in this volume. This collection of 23 papers by many of the main authorities in the field demonstrates both the scope and the depth of the current state of Mongol-related studies and will undoubtedly inspire and provoke further research. The text is profusely illustrated by 27 color and 110 black-and-white illustrations. 410 0$aIslamic history and civilization ;$vv. 64. 606 $aMongols$zIran$xHistory$vCongresses 607 $aIran$xHistory$y1256-1500$vCongresses 615 0$aMongols$xHistory 676 $a955/.026 701 $aKomaroff$b Linda$f1953-$0644665 801 0$bMiAaPQ 801 1$bMiAaPQ 801 2$bMiAaPQ 906 $aBOOK 912 $a9911046224203321 996 $aBeyond the legacy of Genghis Khan$94473686 997 $aUNINA